Underground resources of Kansas /

Bibliographic Details
Main Author: Moore, Raymond C. (Raymond Cecil), 1892-1974
Corporate Author: Kansas. State Board of Agriculture
Other Authors: Landes, Kenneth K.
Format: Book
Language:English
Series:Bulletin (Kansas Geological Survey) ; 13.
Subjects:

MARC

Tag First Indicator Second Indicator Subfields
LEADER 00000cam a2200000 4500
001 in00000262821
005 20151010055320.0
008 780228s1927 ksua 00010 eng d
010 |a gs 28000071  
035 |a (OCoLC)03677032 
035 |9 ABD0344AM 
040 |a U.S. Geological Survey  |c TLM  |d TXA  |d UtOrBLW 
049 |a TXAM  |c [436413] 
090 |a QE113  |b .A2 no. 13 
100 1 |a Moore, Raymond C.  |q (Raymond Cecil),  |d 1892-1974. 
245 1 0 |a Underground resources of Kansas /  |c by Raymond C. Moore and Kenneth K. Landes. 
264 3 |a Lawrence, Kan. :  |b [Printed by Kansas state printing plant, B.P. Walker, state printer, Topeka],  |c 1927. 
300 |a 154 pages :  |b illustrations 
336 |a text  |b txt  |2 rdacontent 
337 |a unmediated  |b n  |2 rdamedia 
338 |a volume  |b nc  |2 rdacarrier 
490 1 |a Kansas. State Geological Survey. Bulletin ;  |v 13 
500 |a Cover-title. 
500 |a Bulletin of the University of Kansas volume 28, number 17. Nov. 1, 1927. 
500 |a Added t.-p.: Report of the Kansas State Board of Agriculture, for the quarter ending December, 1926. 
650 0 |a Geology  |z Kansas. 
650 0 |a Mines and mineral resources  |z Kansas. 
700 1 |a Landes, Kenneth K. 
710 1 |a Kansas.  |b State Board of Agriculture. 
830 0 |a Bulletin (Kansas Geological Survey) ;  |v 13. 
999 |a MARS 
999 f f |s ba5249e3-aebf-3395-9cee-7ee5b84d0867  |i 4c0f43d5-fff9-3c9d-aeb4-1cf37b309482  |t 0 
952 f f |p ric  |a Texas A&M University  |b Rellis Campus  |c Joint Library Facility  |d Remote Storage  |t 0  |e QE113 .A2 no. 13  |h Library of Congress classification  |i unmediated -- volume  |m A14804760031 
998 f f |a QE113 .A2 no. 13  |t 0  |l Remote Storage